[Event "4NCL"]
[Site "De Vere, Sunningdale, ENG"]
[Date "2012.02.11"]
[Round "12.4"]
[White "Shaw, Peter"]
[Black "Hackner, Oskar A"]
[Result "0-1"]
[WhiteElo "2180"]
[BlackElo "2014"]
[PlyCount "54"]
[EventDate "2012.??.??"]
[WhiteTeam "White Rose 2"]
[BlackTeam "Bradford DCA Knights A"]

1. d4 Nf6 2. c4 e6 3. Nc3 Bb4 4. f3 c5 5. d5 d6 6. e4 Bxc3+ 7. bxc3 e5 8. Bd3
Nbd7 9. Ne2 Nf8 10. O-O Ng6 11. Be3 Bd7 12. Rb1 Rb8 13. Ng3 Nf4 14. Qd2 g5 15.
Bc2 h5 16. Nf5 Bxf5 17. exf5 h4 18. g3 hxg3 19. hxg3 N6h5 20. Bxf4 gxf4 21. g4
Ng3 22. Rfe1 Rh3 23. Qxf4 Qh4 24. Rxe5+ Kf8 25. Ree1 Rh1+ 26. Kf2 Nh5+ 27. Ke3
Rxe1+ 0-1

[Event "4NCL"]
[Site "De Vere, Sunningdale, ENG"]
[Date "2012.02.11"]
[Round "12.5"]
[White "Edwards-Wright, Miles D"]
[Black "Burnett, Jim"]
[Result "0-1"]
[WhiteElo "1995"]
[BlackElo "2137"]
[PlyCount "174"]
[EventDate "2012.??.??"]
[WhiteTeam "Bradford DCA Knights A"]
[BlackTeam "White Rose 2"]

1. e4 e6 2. d4 d5 3. Be3 dxe4 4. Nd2 Nf6 5. c3 b6 6. Qc2 Bb7 7. Ne2 Nbd7 8. Ng3
Be7 9. Ngxe4 Nd5 10. c4 Nxe3 11. fxe3 c5 12. O-O-O cxd4 13. exd4 Qc7 14. Kb1
O-O-O 15. Nb3 Kb8 16. Bd3 Rc8 17. Nc3 Ba6 18. Nd2 Nf6 19. Qa4 Bb7 20. Nde4 Nxe4
21. Nxe4 f5 22. Nc3 Bxg2 23. Rhe1 Bf3 24. Rd2 Bg5 25. Rf2 Bc6 26. Qa3 Bh4 27.
Rxe6 Bxf2 28. Re7 Bd7 29. Nb5 Bxb5 30. Rxc7 Rxc7 31. cxb5 Re8 32. Ka1 Bxd4 33.
Qd6 Be5 34. Qd5 Rc1+ 35. Bb1 Bc7 36. a3 Ree1 37. Qg8+ Kb7 38. Qd5+ Kc8 39. Qg8+
Kb7 40. Qd5+ Kc8 41. Qg8+ Bd8 42. Ka2 Rxb1 43. Qc4+ Kb8 44. Qf4+ Bc7 45. Qxf5
Rbd1 46. Qf8+ Rd8 47. Qxg7 Re2 48. Qxh7 Rxh2 49. Qe7 Rhd2 50. Kb3 R2d4 51. Qe6
Rf4 52. Qg6 Rh8 53. Qe6 Rd4 54. Qf5 Rg8 55. Ka2 Rg2 56. Qf8+ Rd8 57. Qf3 Rgd2
58. Qe4 R2d5 59. Qc4 Rc5 60. Qe2 Be5 61. b4 Rcd5 62. Kb3 Bc7 63. Ka4 Re5 64.
Qf3 Rdd5 65. Qf8+ Kb7 66. Qf3 Kc8 67. Qg4+ Rf5 68. Qg8+ Kb7 69. Qg2 a6 70.
bxa6+ Kxa6 71. Qe2+ b5+ 72. Kb3 Rfe5 73. Qc2 Re3+ 74. Ka2 Kb7 75. Qg2 Red3 76.
Qe4 R3d4 77. Qh1 Be5 78. Qh7+ Rd7 79. Qh1+ Kb8 80. Qh6 Rd2+ 81. Kb1 Rd1+ 82.
Kc2 R7d2+ 83. Qxd2 Rxd2+ 84. Kxd2 Bb2 85. a4 bxa4 86. Kc2 a3 87. Kb3 Kb7 0-1

[Event "4NCL"]
[Site "De Vere, Sunningdale, ENG"]
[Date "2012.02.11"]
[Round "12.6"]
[White "Arnott, Jonathan W"]
[Black "Nicholson, Jim WR"]
[Result "1-0"]
[WhiteElo "2191"]
[BlackElo "1990"]
[PlyCount "143"]
[EventDate "2012.??.??"]
[WhiteTeam "White Rose 2"]
[BlackTeam "Bradford DCA Knights A"]

1. e4 d5 2. exd5 Qxd5 3. Nc3 Qd6 4. Nf3 Nf6 5. d4 c6 6. g3 Bg4 7. Bg2 Nbd7 8.
O-O e6 9. Bf4 Qb4 10. Qd2 Bxf3 11. Bxf3 Be7 12. Rfe1 O-O 13. a3 Qb6 14. h4 Rfe8
15. Na4 Qd8 16. c4 Nb6 17. Nxb6 Qxb6 18. Rad1 Qb3 19. Qe2 Rad8 20. g4 Nd7 21.
g5 Nb6 22. Bc7 Rd7 23. Bxb6 axb6 24. d5 cxd5 25. cxd5 Bd6 26. Bg4 Rde7 27. dxe6
Bc5 28. Rd3 Qc4 29. Qe4 Qxe4 30. Rxe4 b5 31. Rd5 Ba7 32. exf7+ Kxf7 33. Rf5+
Kg8 34. Rxe7 Rxe7 35. Rxb5 g6 36. Bf3 b6 37. Kg2 Kg7 38. Rb4 Kf8 39. Rd4 Rc7
40. b4 Ke7 41. Bg4 Ke8 42. Kf1 Bb8 43. Re4+ Kd8 44. Re6 Rc4 45. f3 Bc7 46. h5
gxh5 47. Bxh5 Bf4 48. Rxb6 Bxg5 49. Ra6 h6 50. b5 Rh4 51. Bg4 Rh1+ 52. Kg2 Rb1
53. a4 Be3 54. Ra8+ Kc7 55. Rc8+ Kb7 56. Rc4 Rg1+ 57. Kh2 Ra1 58. Re4 Bd2 59.
Kg3 Ra3 60. Kh4 Kb6 61. Re6+ Kb7 62. Ra6 Rb3 63. Bf5 Be3 64. Be4+ Kc7 65. Ra8
Rb4 66. Kh5 Rc4 67. Kg6 Rd4 68. a5 Rd6+ 69. Kh5 Bd4 70. b6+ Bxb6 71. axb6+ Kxb6
72. Rh8 1-0

[Event "4NCL"]
[Site "De Vere, Sunningdale, ENG"]
[Date "2012.02.11"]
[Round "12.8"]
[White "Weller, Pierre"]
[Black "Patrick, David A"]
[Result "1-0"]
[WhiteElo "1987"]
[BlackElo "1953"]
[PlyCount "73"]
[EventDate "2012.??.??"]
[WhiteTeam "White Rose 2"]
[BlackTeam "Bradford DCA Knights A"]

1. d4 d5 2. c4 c6 3. Nf3 Nf6 4. e3 a6 5. Bd3 Bg4 6. Nbd2 Nbd7 7. Qc2 e6 8. b3
Bd6 9. Bb2 Bh5 10. O-O Rc8 11. h3 Bb8 12. Ng5 dxc4 13. bxc4 Qa5 14. c5 Qc7 15.
f4 Nd5 16. Nc4 Qd8 17. Qd2 Bc7 18. a4 Bg6 19. Bxg6 hxg6 20. a5 N5f6 21. Bc3 Rh5
22. Qc2 Qe7 23. Rab1 Rb8 24. Rb2 Nd5 25. Bd2 Nf8 26. Ne4 Nh7 27. Qb1 g5 28.
Ned6+ Bxd6 29. Nxd6+ Kf8 30. fxg5 Nxg5 31. e4 Nxh3+ 32. gxh3 Qh4 33. Rf3 Nf6
34. Rxb7 Rxb7 35. Qxb7 Kg8 36. Qxf7+ Kh7 37. Qxe6 1-0

[Event "4NCL"]
[Site "De Vere, Sunningdale, ENG"]
[Date "2012.02.11"]
[Round "13.1"]
[White "Jaunooby, Ali Reza"]
[Black "Rendle, Thomas E"]
[Result "0-1"]
[WhiteElo "2146"]
[BlackElo "2393"]
[PlyCount "102"]
[EventDate "2012.??.??"]
[WhiteTeam "3Cs 1"]
[BlackTeam "Sambuca Sharks"]

1. d4 f5 2. g4 fxg4 3. h3 g3 4. fxg3 d5 5. Nf3 Nf6 6. Bf4 e6 7. Nbd2 Bd6 8. e3
Nc6 9. c3 O-O 10. Bd3 Qe8 11. Ne5 g5 12. Nxc6 gxf4 13. Ne5 fxe3 14. Ndf3 Ne4
15. Qc2 Bxe5 16. Nxe5 Rf2 17. Bxe4 Rxc2 18. Bxc2 Qh5 19. h4 b6 20. g4 Qe8 21.
g5 Ba6 22. O-O-O e2 23. Rdg1 Qf8 24. Nd7 Qf4+ 25. Kb1 Kh8 26. b3 Qf1+ 27. Rxf1
exf1=Q+ 28. Rxf1 Bxf1 29. Nf6 h6 30. gxh6 Bh3 31. Kb2 Rf8 32. Nd7 Rf2 33. Kb1
Bf5 34. Bxf5 Rxf5 35. b4 Kh7 36. Kc2 Kxh6 37. b5 Kh5 38. Nb8 Rf8 39. Nc6 Rg8
40. Nb4 Kxh4 41. c4 dxc4 42. Kc3 Kg5 43. Kxc4 Kf6 44. a4 Ke7 45. a5 bxa5 46.
Na6 Kd6 47. Kb3 Rh8 48. Ka4 Rh4 49. Kxa5 Rxd4 50. Nb8 Rc4 51. Ka6 e5 0-1

[Event "4NCL"]
[Site "De Vere, Sunningdale, ENG"]
[Date "2012.02.11"]
[Round "13.2"]
[White "Roberson, Peter T"]
[Black "Walton, Alan J"]
[Result "1/2-1/2"]
[WhiteElo "2283"]
[BlackElo "2161"]
[PlyCount "84"]
[EventDate "2012.??.??"]
[WhiteTeam "Sambuca Sharks"]
[BlackTeam "3Cs 1"]

1. e4 e6 2. d4 d5 3. Nd2 a6 4. Ngf3 Nf6 5. e5 Nfd7 6. Bd3 c5 7. c3 Nc6 8. O-O
g5 9. Nb3 g4 10. Ng5 Rg8 11. f4 h6 12. Nxf7 Kxf7 13. f5 Ndxe5 14. dxe5 Ke8 15.
fxe6 Bxe6 16. Bh7 Rh8 17. Bg6+ Kd7 18. Bf5 Bxf5 19. Rxf5 Kc7 20. Bf4 Kb6 21.
Qxg4 Be7 22. Rd1 Rg8 23. Qf3 Qd7 24. Be3 Rad8 25. Qf2 d4 26. cxd4 cxd4 27. Rxd4
Nxd4 28. Bxd4+ Kc7 29. Bb6+ Kb8 30. Bxd8 Bxd8 31. Rf7 Qd1+ 32. Qf1 Qc2 33. h3
Bb6+ 34. Kh1 Qxb2 35. e6 Qe5 36. e7 Re8 37. Nd2 Rxe7 38. Rf8+ Ka7 39. Nc4 Qc3
40. Nxb6 Re1 41. Nc8+ Kb8 42. Nb6+ Ka7 1/2-1/2

[Event "4NCL"]
[Site "De Vere, Sunningdale, ENG"]
[Date "2012.02.11"]
[Round "13.4"]
[White "Sreeves, Clement"]
[Black "Adams, Philip"]
[Result "1-0"]
[WhiteElo "2233"]
[BlackElo "2097"]
[PlyCount "87"]
[EventDate "2012.??.??"]
[WhiteTeam "Sambuca Sharks"]
[BlackTeam "3Cs 1"]

1. e4 c5 2. Nf3 Nc6 3. d4 cxd4 4. Nxd4 g6 5. Nc3 Bg7 6. Be3 Nf6 7. Bc4 Qa5 8.
O-O O-O 9. Nb3 Qc7 10. Bg5 a6 11. Be2 e6 12. a4 b6 13. Qd2 Bb7 14. Rfd1 Rfd8
15. Qd6 Qxd6 16. Rxd6 Rab8 17. Rad1 Rdc8 18. Bf4 Ra8 19. e5 Nh5 20. Bxh5 gxh5
21. Rxd7 Rab8 22. R7d6 Bxe5 23. Rxc6 Bxf4 24. Rxb6 Bc7 25. Rb4 Be5 26. Na5 Ba8
27. Rxb8 Rxb8 28. Nc4 Bf6 29. a5 Kg7 30. Nb6 Bc6 31. Rd6 Rd8 32. Rxd8 Bxd8 33.
f3 Bf6 34. Nca4 h4 35. c3 h3 36. Nc5 Bb5 37. gxh3 Be7 38. b4 Kf6 39. Kf2 Ke5
40. c4 Bxc5+ 41. bxc5 Bc6 42. Ke3 Kf5 43. Nc8 Kf6 44. Na7 1-0

[Event "4NCL"]
[Site "De Vere, Sunningdale, ENG"]
[Date "2012.02.11"]
[Round "13.5"]
[White "Whitehead, David J"]
[Black "Tavoularis, Nicholas"]
[Result "0-1"]
[WhiteElo "2041"]
[BlackElo "2167"]
[PlyCount "110"]
[EventDate "2012.??.??"]
[WhiteTeam "3Cs 1"]
[BlackTeam "Sambuca Sharks"]

1. e4 d5 2. exd5 Qxd5 3. Nc3 Qd6 4. d4 Nf6 5. Nf3 a6 6. Be3 b5 7. Qd2 Bb7 8.
O-O-O e6 9. Bf4 Qb6 10. Bd3 Nbd7 11. Qe2 Be7 12. Rhe1 O-O 13. Ne5 Rfd8 14. g4
Nf8 15. g5 Nd5 16. Nxd5 Bxd5 17. Be4 Rac8 18. Bxd5 Rxd5 19. Qh5 Ng6 20. Re3
Rxd4 21. Rh3 Rxd1+ 22. Kxd1 Qd4+ 23. Bd2 Bxg5 24. Qxh7+ Kf8 25. Nf3 Qxf2 26.
Bxg5 Qf1+ 27. Kd2 Qf2+ 28. Kd1 Qf1+ 29. Ne1 f6 30. Qxg6 Qxh3 31. Bd2 Qxh2 32.
Bb4+ c5 33. Ba5 Kg8 34. Qe4 Qd6+ 35. Kc1 Qd5 36. Qxd5 exd5 37. Bb6 g5 38. Kd2
Kf7 39. Ke2 Ke6 40. Nd3 c4 41. Nb4 Ke5 42. Ke3 f5 43. Bd4+ Ke6 44. Nxa6 f4+ 45.
Kf2 Kf5 46. Nc5 g4 47. a3 Rc7 48. b3 Rh7 49. a4 bxa4 50. bxa4 Rh2+ 51. Kg1 Rxc2
52. a5 Ra2 53. a6 g3 54. Bc3 f3 55. Bd4 Rd2 0-1

[Event "4NCL"]
[Site "De Vere, Sunningdale, ENG"]
[Date "2012.02.11"]
[Round "14.1"]
[White "Clarke, Brandon GI"]
[Black "Taulbut, Shaun M"]
[Result "1/2-1/2"]
[WhiteElo "2138"]
[BlackElo "2376"]
[PlyCount "39"]
[EventDate "2012.??.??"]
[WhiteTeam "Warwickshire Select 1"]
[BlackTeam "AMCA Dragons"]

1. e4 d5 2. exd5 Nf6 3. c4 e6 4. d4 exd5 5. Nf3 Bb4+ 6. Nc3 O-O 7. Be2 Ne4 8.
Qb3 Bxc3+ 9. bxc3 dxc4 10. Bxc4 Nc6 11. Bd3 Bf5 12. Qc2 Re8 13. O-O Bg6 14. Rb1
Nd6 15. Bxg6 hxg6 16. Bf4 b6 17. Rbd1 Na5 18. Ne5 Qf6 19. Bg3 Qf5 20. Qa4
1/2-1/2

[Event "4NCL"]
[Site "De Vere, Sunningdale, ENG"]
[Date "2012.02.11"]
[Round "14.2"]
[White "Holland, James P"]
[Black "Weaving, Richard"]
[Result "1/2-1/2"]
[WhiteElo "2200"]
[BlackElo "2116"]
[PlyCount "71"]
[EventDate "2012.??.??"]
[WhiteTeam "AMCA Dragons"]
[BlackTeam "Warwickshire Select 1"]

1. d4 d5 2. c4 e6 3. Nf3 Nf6 4. Nc3 dxc4 5. e3 a6 6. Bxc4 b5 7. Be2 c5 8. O-O
Bb7 9. a3 Nbd7 10. dxc5 Bxc5 11. b4 Be7 12. Nd4 Rc8 13. Bb2 O-O 14. Rc1 Nb6 15.
Qb3 Nc4 16. Rfd1 Qb6 17. Ba1 Nd5 18. Nf5 exf5 19. Nxd5 Bxd5 20. Rxd5 Nd2 21.
Qb2 Rxc1+ 22. Qxc1 Nb3 23. Qb2 Nxa1 24. Qxa1 Bf6 25. Qa2 Qe6 26. Qd2 Be7 27.
Bd1 Qf6 28. Rd4 Rd8 29. Bb3 Rxd4 30. exd4 g6 31. g3 f4 32. Qxf4 Qxf4 33. gxf4
Bf6 34. d5 Bb2 35. d6 Kf8 36. Bd5 1/2-1/2

[Event "4NCL"]
[Site "De Vere, Sunningdale, ENG"]
[Date "2012.02.11"]
[Round "14.3"]
[White "Thomas, Nicholas"]
[Black "Cooksey, Paul S"]
[Result "1/2-1/2"]
[WhiteElo "2268"]
[BlackElo "2273"]
[PlyCount "26"]
[EventDate "2012.??.??"]
[WhiteTeam "Warwickshire Select 1"]
[BlackTeam "AMCA Dragons"]

1. e4 c5 2. Nc3 e6 3. g3 d5 4. exd5 exd5 5. d4 cxd4 6. Qxd4 Nf6 7. Bg5 Be7 8.
Bb5+ Nc6 9. Bxf6 Bxf6 10. Qc5 Bxc3+ 11. bxc3 Qe7+ 12. Qxe7+ Kxe7 13. O-O-O Be6
1/2-1/2

[Event "4NCL"]
[Site "De Vere, Sunningdale, ENG"]
[Date "2012.02.11"]
[Round "14.4"]
[White "Webb, Richard M"]
[Black "Mason, Donald J"]
[Result "1/2-1/2"]
[WhiteElo "2265"]
[BlackElo "2227"]
[PlyCount "26"]
[EventDate "2012.??.??"]
[WhiteTeam "AMCA Dragons"]
[BlackTeam "Warwickshire Select 1"]

1. e4 e6 2. d4 d5 3. exd5 exd5 4. Bd3 c5 5. Nf3 Nf6 6. O-O Nc6 7. Re1+ Be7 8.
dxc5 O-O 9. Nbd2 Bxc5 10. Nb3 Bb6 11. Be3 Bg4 12. h3 Bh5 13. c3 Re8 1/2-1/2

[Event "4NCL"]
[Site "De Vere, Sunningdale, ENG"]
[Date "2012.02.11"]
[Round "14.5"]
[White "Pitcher, John"]
[Black "Hansen, Hans-Peter"]
[Result "1/2-1/2"]
[WhiteElo "2205"]
[BlackElo "2215"]
[PlyCount "93"]
[EventDate "2012.??.??"]
[WhiteTeam "Warwickshire Select 1"]
[BlackTeam "AMCA Dragons"]

1. e4 d5 2. exd5 Qxd5 3. Nc3 Qa5 4. d4 c6 5. Nf3 Nf6 6. Bd2 Bf5 7. Ne4 Qb6 8.
Nxf6+ gxf6 9. b4 e6 10. a3 Nd7 11. g3 Bg7 12. Bg2 O-O 13. O-O Bg6 14. Re1 Rad8
15. Be3 Qc7 16. Nh4 Rfe8 17. c3 a5 18. Qb3 Ra8 19. c4 a4 20. Qa2 Rac8 21. Rac1
Qd6 22. Red1 Bh5 23. Rd2 f5 24. Qc2 Nf6 25. Bf4 Qd7 26. Be5 Red8 27. Qb2 Qe7
28. Rdc2 Ne8 29. d5 cxd5 30. Bxg7 Nxg7 31. cxd5 Rxc2 32. Rxc2 exd5 33. Qxg7+
Kxg7 34. Nxf5+ Kf6 35. Nxe7 Kxe7 36. Rc5 Ke6 37. f4 Bd1 38. Kf2 Bb3 39. Ke3 Kd6
40. Rc1 Re8+ 41. Kd2 Re7 42. Bf3 d4 43. Be2 Bd5 44. Bd3 h5 45. Rc8 h4 46. Rd8+
Kc6 47. b5+ 1/2-1/2

[Event "4NCL"]
[Site "De Vere, Sunningdale, ENG"]
[Date "2012.02.11"]
[Round "14.6"]
[White "Coates, Kenneth G"]
[Black "Stepanyan, Henrik"]
[Result "1-0"]
[WhiteElo "2194"]
[BlackElo "1942"]
[PlyCount "89"]
[EventDate "2012.??.??"]
[WhiteTeam "AMCA Dragons"]
[BlackTeam "Warwickshire Select 1"]

1. d4 d5 2. Bg5 Nf6 3. Bxf6 exf6 4. e3 c5 5. Nf3 Nc6 6. c3 Bg4 7. Be2 cxd4 8.
Nxd4 Bxe2 9. Nxe2 Qb6 10. Qb3 Qxb3 11. axb3 Bd6 12. O-O O-O-O 13. Rd1 Kb8 14.
Na3 Rhe8 15. Nb5 Be5 16. Ra4 a6 17. Nbd4 Kc7 18. g3 g6 19. Kg2 Rd6 20. Nxc6
Rxc6 21. Rxd5 b5 22. Re4 Rb8 23. Nd4 Rcb6 24. b4 Bd6 25. Nb3 Bf8 26. Red4 Rd6
27. Rxd6 Bxd6 28. Kf3 Kc6 29. h4 Ra8 30. Rd1 Bc7 31. Ke4 Re8+ 32. Kd3 Bb6 33.
Nd4+ Bxd4 34. exd4 f5 35. Kd2 f4 36. Re1 Rxe1 37. Kxe1 fxg3 38. fxg3 Kd5 39.
Ke2 Ke4 40. Kf2 f5 41. b3 h6 42. Ke2 f4 43. gxf4 Kxf4 44. d5 Ke5 45. c4 1-0

[Event "4NCL"]
[Site "De Vere, Sunningdale, ENG"]
[Date "2012.02.11"]
[Round "14.8"]
[White "Tavares, Shawn P"]
[Black "Page, Mark E"]
[Result "1-0"]
[WhiteElo "2218"]
[BlackElo "2023"]
[PlyCount "71"]
[EventDate "2012.??.??"]
[WhiteTeam "AMCA Dragons"]
[BlackTeam "Warwickshire Select 1"]

1. e4 e6 2. d4 d5 3. Nc3 Nf6 4. e5 Nfd7 5. f4 c5 6. Nf3 Nc6 7. Be3 cxd4 8. Nxd4
Bc5 9. Qd2 Bxd4 10. Bxd4 Nxd4 11. Qxd4 Qb6 12. Qd2 a6 13. O-O-O O-O 14. g4 f6
15. exf6 Nxf6 16. Bh3 Qc6 17. g5 Ne4 18. Nxe4 dxe4 19. Rhe1 e5 20. Bg2 Bg4 21.
Bxe4 Qa4 22. Bxb7 Rab8 23. Re4 Qb5 24. Rb4 Rxb7 25. Rxb5 Rxb5 26. Rg1 Bf5 27.
fxe5 Rxe5 28. Re1 Rc5 29. c3 Bg6 30. b4 Rcf5 31. c4 Rf4 32. c5 a5 33. a3 axb4
34. axb4 h5 35. Kb2 Rb8 36. Qxf4 1-0

[Event "4NCL"]
[Site "De Vere, Sunningdale, ENG"]
[Date "2012.02.11"]
[Round "15.1"]
[White "Girdlestone, Paul C"]
[Black "Jones, Richard S"]
[Result "1/2-1/2"]
[WhiteElo "2191"]
[BlackElo "2396"]
[PlyCount "128"]
[EventDate "2012.??.??"]
[WhiteTeam "Brown Jack"]
[BlackTeam "Rhyfelwyr Essyllwg"]

1. c4 Nf6 2. Nc3 g6 3. g3 Bg7 4. Bg2 O-O 5. Nf3 d6 6. O-O c6 7. d3 e5 8. Rb1
Re8 9. Qc2 h6 10. Bd2 Be6 11. b4 Nbd7 12. b5 Qc7 13. Rfc1 Nc5 14. Na4 Nfd7 15.
Be3 Nxa4 16. Qxa4 c5 17. Nd2 f5 18. Qc2 Rad8 19. Rb3 b6 20. Ra3 Nf6 21. Nf3 Kh7
22. Bd2 d5 23. Nxe5 dxc4 24. Nc6 cxd3 25. exd3 Ra8 26. Bf4 Qd7 27. Ne5 Qc8 28.
Bxa8 Qxa8 29. Nc6 a5 30. d4 cxd4 31. Nxd4 Bd5 32. Re3 Ng4 33. Rxe8 Qxe8 34. Qe2
Qxe2 35. Nxe2 Bxa2 36. Rc7 g5 37. Be3 Nxe3 38. fxe3 a4 39. Nc3 Bb3 40. Ra7 Kg8
41. Nxa4 Bc4 42. Nxb6 Bxb5 43. Kf2 Kh7 44. Nc8 Bd3 45. Ne7 f4 46. Rd7 fxe3+ 47.
Kxe3 Bc2 48. g4 Bf8 49. Kd4 h5 50. h3 hxg4 51. hxg4 Bd1 52. Nf5+ Kg6 53. Ne3
Bf3 54. Ke5 Bc5 55. Nf5 Bxg4 56. Rg7+ Kh5 57. Rh7+ Kg6 58. Rg7+ Kh5 59. Kf6
Bxf5 60. Rxg5+ Kh4 61. Kxf5 Bd6 62. Rg7 Bb8 63. Rg4+ Kh3 64. Rg8 Bc7 1/2-1/2

[Event "4NCL"]
[Site "De Vere, Sunningdale, ENG"]
[Date "2012.02.11"]
[Round "15.2"]
[White "Kett, Timothy J"]
[Black "Richmond, Peter A"]
[Result "1-0"]
[WhiteElo "2181"]
[BlackElo "2228"]
[PlyCount "79"]
[EventDate "2012.??.??"]
[WhiteTeam "Rhyfelwyr Essyllwg"]
[BlackTeam "Brown Jack"]

1. d4 d5 2. c4 e5 3. dxe5 d4 4. Nf3 Nc6 5. g3 Nge7 6. Bg2 Ng6 7. O-O Ngxe5 8.
Nxe5 Nxe5 9. b3 Be7 10. Bb2 Bf6 11. Nd2 g6 12. Ne4 Bg7 13. Qd2 Nc6 14. Rad1 Qe7
15. e3 f5 16. Nc5 dxe3 17. fxe3 O-O 18. Bd5+ Kh8 19. Bxg7+ Kxg7 20. Bxc6 Qxc5
21. Qc3+ Kf7 22. Bd5+ Ke8 23. Bg2 c6 24. b4 Qe7 25. e4 Kf7 26. exf5 gxf5 27.
Rfe1 Qf6 28. Qxf6+ Kxf6 29. Rd6+ Kg5 30. Bf3 Rf6 31. h4+ Kg6 32. Bh5+ Kxh5 33.
Rxf6 Kg4 34. Re8 a5 35. b5 cxb5 36. Rff8 bxc4 37. Rxc8 Ra6 38. Rxc4+ Kxg3 39.
Rxf5 Rd6 40. Rc3+ 1-0

[Event "4NCL"]
[Site "De Vere, Sunningdale, ENG"]
[Date "2012.02.11"]
[Round "15.3"]
[White "Truran, Michael C"]
[Black "Spice, Alan P"]
[Result "0-1"]
[WhiteElo "2195"]
[BlackElo "2129"]
[PlyCount "69"]
[EventDate "2012.??.??"]
[WhiteTeam "Brown Jack"]
[BlackTeam "Rhyfelwyr Essyllwg"]

1. d4 d5 2. c4 e5 3. dxe5 d4 4. e4 Nc6 5. f4 f6 6. exf6 Nxf6 7. Bd3 Bb4+ 8. Nd2
Qe7 9. Qe2 a5 10. Ngf3 Nh5 11. g3 O-O 12. a3 Bc5 13. Ng5 g6 14. e5 Rxf4 15.
gxf4 Nxf4 16. Qe4 Nxe5 17. Kd1 Nexd3 18. Qxe7 Bxe7 19. Rg1 Bf5 20. Nge4 Re8 21.
Ng3 Nf2+ 22. Ke1 N4d3+ 23. Kf1 Bh3+ 24. Ke2 Bh4+ 25. Nge4 Nxc1+ 26. Raxc1 Nxe4
27. Nxe4 Rxe4+ 28. Kd3 Bf5 29. c5 Re1+ 30. Kd2 Rxc1 31. Kxc1 Bf2 32. Rg2 Be3+
33. Kd1 Kf7 34. b4 axb4 35. a4 0-1

[Event "4NCL"]
[Site "De Vere, Sunningdale, ENG"]
[Date "2012.02.11"]
[Round "15.4"]
[White "Trevelyan, John"]
[Black "Hall, Daniel J"]
[Result "0-1"]
[WhiteElo "2120"]
[BlackElo "2120"]
[PlyCount "72"]
[EventDate "2012.??.??"]
[WhiteTeam "Rhyfelwyr Essyllwg"]
[BlackTeam "Brown Jack"]

1. e4 c5 2. c3 g6 3. d4 cxd4 4. cxd4 d5 5. e5 Nc6 6. Nc3 f6 7. f4 Nh6 8. Nf3
Bg4 9. Bb5 Nf5 10. O-O e6 11. Ne2 Be7 12. h3 Bxf3 13. Rxf3 O-O 14. g4 Nh4 15.
Rb3 fxe5 16. dxe5 Na5 17. Be3 Nxb3 18. Qxb3 a6 19. Bd3 Rb8 20. Rc1 Qd7 21. Nd4
Rbc8 22. Rf1 Bc5 23. Qd1 Qe7 24. Qe1 g5 25. f5 exf5 26. Nxf5 Nxf5 27. gxf5 Qxe5
28. Bxc5 Qxe1 29. Rxe1 Rxc5 30. Re5 Kf7 31. f6 Re8 32. Rxg5 Rg8 33. Rxg8 Kxg8
34. f7+ Kxf7 35. Bxh7 Rc1+ 36. Kf2 Ra1 0-1

[Event "4NCL"]
[Site "De Vere, Sunningdale, ENG"]
[Date "2012.02.11"]
[Round "15.5"]
[White "Haydon, Richard"]
[Black "Brown, Tom"]
[Result "0-1"]
[WhiteElo "2173"]
[BlackElo "2082"]
[PlyCount "56"]
[EventDate "2012.??.??"]
[WhiteTeam "Brown Jack"]
[BlackTeam "Rhyfelwyr Essyllwg"]

1. Nf3 Nf6 2. c4 g6 3. Nc3 d5 4. cxd5 Nxd5 5. g3 Bg7 6. Bg2 Nxc3 7. bxc3 O-O 8.
O-O c5 9. Rb1 Nc6 10. Qa4 Qa5 11. Qxa5 Nxa5 12. Ba3 b6 13. Ne1 Bf5 14. d3 Rac8
15. Rc1 e5 16. Nc2 e4 17. dxe4 Be6 18. Ne3 Bxa2 19. Bb2 Nc4 20. Nxc4 Bxc4 21.
Bf3 Rcd8 22. Rfd1 a5 23. Ba1 b5 24. e3 a4 25. Bg2 Rxd1+ 26. Rxd1 b4 27. cxb4
cxb4 28. Bxg7 Kxg7 0-1

[Event "4NCL"]
[Site "De Vere, Sunningdale, ENG"]
[Date "2012.02.11"]
[Round "15.6"]
[White "Davies, Matthew"]
[Black "Owens, Megan R"]
[Result "0-1"]
[WhiteElo "1982"]
[BlackElo "1802"]
[PlyCount "98"]
[EventDate "2012.??.??"]
[WhiteTeam "Rhyfelwyr Essyllwg"]
[BlackTeam "Brown Jack"]

1. d4 Nf6 2. c4 g6 3. Nc3 d5 4. cxd5 Nxd5 5. e4 Nxc3 6. bxc3 Bg7 7. Be3 c5 8.
Nf3 O-O 9. Qd2 Qa5 10. Rc1 Rd8 11. d5 Bg4 12. Ng5 Na6 13. Bd3 Rac8 14. h3 Bd7
15. O-O c4 16. Bb1 Nc5 17. Rfd1 Ba4 18. Bxc5 Qxc5 19. Bc2 Bxc2 20. Rxc2 Bh6 21.
Ne6 fxe6 22. Qxh6 exd5 23. exd5 Rxd5 24. Re1 Rcd8 25. Qe3 Qxe3 26. Rxe3 R8d7
27. Re4 Rc7 28. Kf1 Kf7 29. Ke2 Rcc5 30. Rb2 b5 31. a4 Re5 32. Ke3 a6 33. axb5
axb5 34. Rxe5 Rxe5+ 35. Kd4 Ke6 36. f4 Rd5+ 37. Ke4 Kd6 38. Ra2 Rd1 39. Rc2
Re1+ 40. Kd4 Rd1+ 41. Ke4 Kc5 42. Ke3 Rd3+ 43. Ke2 e6 44. Rc1 Kd5 45. Kf2 Ke4
46. Rb1 Rxc3 47. Rxb5 Kxf4 48. Rb6 Rc2+ 49. Ke1 e5 0-1

[Event "4NCL"]
[Site "De Vere, Sunningdale, ENG"]
[Date "2012.02.11"]
[Round "15.7"]
[White "Rabbitt, Michael"]
[Black "Blackburn, Suzy G"]
[Result "1-0"]
[WhiteElo "2025"]
[BlackElo "1945"]
[PlyCount "65"]
[EventDate "2012.??.??"]
[WhiteTeam "Brown Jack"]
[BlackTeam "Rhyfelwyr Essyllwg"]

1. e4 e6 2. d4 d5 3. e5 c5 4. c3 Nc6 5. Nf3 Qb6 6. a3 c4 7. g3 Bd7 8. Bh3 h6 9.
O-O Na5 10. Nbd2 Ne7 11. Rb1 Bb5 12. Ne1 Nf5 13. Ng2 g5 14. f4 Qc6 15. Qf3 Ba4
16. Ne1 Bd1 17. Qxd1 Ne3 18. Qh5 Nxf1 19. Nxf1 gxf4 20. Bxf4 Qd7 21. Bg5 Bg7
22. Bh4 Nc6 23. Ne3 Ne7 24. Ng4 Ng8 25. Nf3 Rc8 26. Rf1 Rc6 27. Bf6 Bxf6 28.
exf6 Rb6 29. Rf2 Kf8 30. Nfe5 Qc7 31. Ne3 Rh7 32. Nxd5 exd5 33. Nd7+ 1-0

[Event "4NCL"]
[Site "De Vere, Sunningdale, ENG"]
[Date "2012.02.11"]
[Round "16.1"]
[White "Cooper, John G"]
[Black "Ivell, Nicholas W"]
[Result "1-0"]
[WhiteElo "2351"]
[BlackElo "2335"]
[PlyCount "113"]
[EventDate "2012.??.??"]
[WhiteTeam "South Wales Dragons"]
[BlackTeam "Spirit of Atticus"]

1. Nf3 d5 2. g3 c5 3. Bg2 Nc6 4. d4 e6 5. O-O Nf6 6. c4 Be7 7. dxc5 Bxc5 8. a3
O-O 9. b4 Be7 10. Bb2 b6 11. Nc3 Bb7 12. cxd5 exd5 13. Qb3 a5 14. b5 a4 15. Qc2
Na5 16. Rad1 Qd7 17. Nd4 Nc4 18. Nc6 Nxb2 19. Qxb2 Bxc6 20. bxc6 Qc8 21. Qc2
Bxa3 22. Nxa4 Qc7 23. Bxd5 Nxd5 24. Rxd5 Rfc8 25. Rfd1 Bf8 26. Rb1 Qxc6 27.
Qxc6 Rxc6 28. Nxb6 Rb8 29. Rdb5 Rc2 30. e3 Rd8 31. Rd5 Rb8 32. Rdb5 Rd8 33. Nd5
Rd2 34. Nc3 g6 35. Ne4 Rd1+ 36. Rxd1 Rxd1+ 37. Kg2 Kg7 38. g4 h6 39. Rb7 Rd8
40. h4 Re8 41. Kf3 Re5 42. Kf4 Ra5 43. Rd7 Rb5 44. g5 hxg5+ 45. Nxg5 Rf5+ 46.
Kg3 Rf6 47. f4 Kg8 48. e4 Bb4 49. e5 Rf5 50. Kg4 f6 51. Nf7 Kf8 52. Nh8 fxe5
53. Nxg6+ Ke8 54. Kxf5 Kxd7 55. fxe5 Ke8 56. Kf6 Ba5 57. h5 1-0

[Event "4NCL"]
[Site "De Vere, Sunningdale, ENG"]
[Date "2012.02.11"]
[Round "16.2"]
[White "Carleton, John J"]
[Black "Redmond, John P"]
[Result "1/2-1/2"]
[WhiteElo "2293"]
[BlackElo "2246"]
[PlyCount "85"]
[EventDate "2012.??.??"]
[WhiteTeam "Spirit of Atticus"]
[BlackTeam "South Wales Dragons"]

1. d4 e6 2. e4 d5 3. Nc3 Nc6 4. Nf3 Nf6 5. Bd3 Nb4 6. e5 Nxd3+ 7. Qxd3 Nd7 8.
Bg5 f6 9. exf6 gxf6 10. Bf4 a6 11. O-O-O Bg7 12. h4 O-O 13. h5 Rf7 14. Rh3 c5
15. h6 Bf8 16. Rh5 cxd4 17. Nxd4 Nb6 18. Nf3 Bd6 19. Be3 Bd7 20. Qd4 Bc7 21.
Ng5 e5 22. Nxf7 exd4 23. Nxd8 dxe3 24. Nxb7 Bg4 25. Rhh1 Bf4 26. fxe3 Bxe3+ 27.
Kb1 Bxd1 28. Nxd1 Bd4 29. c3 Be5 30. Nc5 Kf7 31. Ne3 d4 32. Ng4 dxc3 33. Nxe5+
fxe5 34. bxc3 Nc4 35. Kc2 Rg8 36. Nxa6 Rxg2+ 37. Kd3 Nd6 38. Nb4 Rg3+ 39. Kc2
Nc4 40. Kb3 Nd2+ 41. Kc2 Nc4 42. Kb3 Nd2+ 43. Kc2 1/2-1/2